Varios hombres y alguna mujer / (Record no. 28580)

MARC details
000 -LEADER
campo de control de longitud fija 00618nam a2200217 i 4500
001 - NÚMERO DE CONTROL
campo de control 28580
003 - IDENTIFICADOR DE NÚMERO DE CONTROL
campo de control ES-MaACL
005 - FECHA Y HORA DE LA ÚLTIMA TRANSACCIÓN
campo de control 20240320062606.0
007 - CAMPO FIJO DE DESCRIPCIÓN FÍSICA--INFORMACIÓN GENERAL
campo de control de longitud fija t|
008 - DATOS DE LONGITUD FIJA--INFORMACIÓN GENERAL
campo de control de longitud fija 030117s1962 sp ||||1| spa d
080 ## - NÚMERO DE LA CLASIFICACIÓN DECIMAL UNIVERSAL
Número de la Clasificación Decimal Universal 929(460)
100 0# - ENTRADA PRINCIPAL--NOMBRE DE PERSONA
Nombre de persona Azorín,
Fechas asociadas al nombre 1873-1967
9 (RLIN) 24326
245 10 - MENCIÓN DEL TÍTULO
Título Varios hombres y alguna mujer /
Mención de responsabilidad, etc. Azorín.
260 ## - PUBLICACIÓN, DISTRIBUCIÓN, ETC.
Lugar de publicación, distribución, etc. Barcelona :
Nombre del editor, distribuidor, etc. Aedos,
Fecha de publicación, distribución, etc. [1962]
300 ## - DESCRIPCIÓN FÍSICA
Extensión 312 p., 10 lám ;
Dimensiones 22 cm.
490 1# - MENCIÓN DE SERIE
Mención de serie Biblioteca biográfica ;
Designación de volumen o secuencia 22
650 #4 - PUNTO DE ACCESO ADICIONAL DE MATERIA--TÉRMINO DE MATERIA
Término de materia o nombre geográfico como elemento de entrada Españoles-
Subdivisión general Biografías.
9 (RLIN) 12469
830 1# - PUNTO DE ACCESO ADICIONAL DE SERIE-TÍTULO UNIFORME
Título uniforme Biblioteca biográfica ;
Designación de volumen o secuencia 22
9 (RLIN) 181197
852 4# - LOCALIZACIÓN
Ubicación ES-MaACL
Número de control de estantería C-21898
Holdings
Estatus retirado Estado de pérdida Estado de daño No para préstamo Biblioteca de origen Biblioteca actual Ubicación en estantería Fecha de adquisición Fuente de adquisición Total de préstamos Signatura topográfica completa Código de barras Visto por última vez Precio de reemplazo Tipo de ítem Koha
        Biblioteca del Ateneo de Madrid Biblioteca del Ateneo de Madrid Galería 17/01/2008     C-21898 1029510 23/02/2023 23/02/2023 Libro impreso